000 00457nam a22001577a 4500
999 _c8615
_d8615
003 OSt
008 200320b ||||| |||| 00| 0 eng d
020 _a9789352704149
100 _aJain, Vivek
245 _aReview of Preventive & Social Medicine
250 _a11th (2019)
260 _aNew Delhi
_bJaypee Brothers Medical Publishers
300 _aPaperback: 815 pages, Dimensions: 27.1 x 21.2 x 3.5 cm
650 _aClinical Pharmacy
942 _2ddc
_cBK
_02